| 000 | 00546nam a2200157 a 4500 | ||
|---|---|---|---|
| 008 | 120416s1997 ||||||||||||||||| || u | ||
| 020 | _a0750628413 | ||
| 050 | _aT 59.77 Wor | ||
| 100 | _aWorthington, John | ||
| 245 | 1 | 0 | _aReinventing the workplace |
| 260 |
_aOxford: _bArchitectural Press _c1997 |
||
| 350 | _a0.00 | ||
| 650 | _aINTELLIGENT--BUILDINGS | ||
| 650 | _aOFFICE--BUILDINGS | ||
| 995 |
_D0.00 _FCBU-MAIN LIBRARY (Kitwe) _H1 _I0.00 _M1 _UAVAILABLE _ZMain Library Open Access Collection |
||
| 999 |
_c56000 _d56000 |
||